<?xml version='1.0' encoding='UTF-8'?>
  <record xmlns="http://www.loc.gov/MARC21/slim">
    <leader>00000cam a2200000 i 4500</leader>
    <controlfield tag="001">ocn902601426</controlfield>
    <controlfield tag="003">OCoLC</controlfield>
    <controlfield tag="005">20250811151243.8</controlfield>
    <controlfield tag="008">150130s1591    gw            000 0 ger d</controlfield>
    <datafield tag="040" ind1=" " ind2=" ">
      <subfield code="a">NLGGC</subfield>
      <subfield code="b">eng</subfield>
      <subfield code="e">rda</subfield>
      <subfield code="e">dcrmr</subfield>
      <subfield code="c">NLGGC</subfield>
      <subfield code="d">QGJ</subfield>
      <subfield code="d">OCLCL</subfield>
      <subfield code="d">QGJ</subfield>
      <subfield code="d">OCLCQ</subfield>
    </datafield>
    <datafield tag="029" ind1="0" ind2=" ">
      <subfield code="a">NLGGC</subfield>
      <subfield code="b">388966432</subfield>
    </datafield>
    <datafield tag="035" ind1=" " ind2=" ">
      <subfield code="a">(OCoLC)902601426</subfield>
    </datafield>
    <datafield tag="041" ind1=" " ind2=" ">
      <subfield code="a">ger</subfield>
      <subfield code="a">lat</subfield>
    </datafield>
    <datafield tag="245" ind1="0" ind2="4">
      <subfield code="a">Des Ministerij zu Bremen, freundtliche Gegenerinnerung an den ehrwürdigen vnd hochgelerten Herrn Paul von Eyzen der H. Schrifft Doctorn, [et]c. :</subfield>
      <subfield code="b">Darinnen auff seine, von jhm also genante Erinnerung von dem Bremischen Buch, so Anno 90. wider die Prediger zu Hamburg in den Druck außgangen ist, christlich vnd bescheidentlich, vnd ohne einige Vorbitterung geantwortet wirdt. Mit anzeigung, was in sölcher des Herrn Doct. Paul von Eyzen Erinnerung, ohne vnd ausser Streit sey: vnnd was dargegen einer bessern Erklerung, vnnd fleissiger Erwegung der Sachen bedörffe. Sampt beygefugtem Schreyben an die Herrn Prediger zu Hamburg.</subfield>
    </datafield>
    <datafield tag="246" ind1="3" ind2=" ">
      <subfield code="a">Ministerii zu Bremen freundtliche Gegenerinnervng, an dem ehrwürdigen und hochgelehrten Herrn Paul von Eyzen, der H. Schrifft Doctorn etc.</subfield>
    </datafield>
    <datafield tag="246" ind1="3" ind2=" ">
      <subfield code="a">Gegenerinnerung, an dem ehrwürdigen und hochgelehrten Herrn Paul von Eyzen, der H. Schrifft Doctorn etc</subfield>
    </datafield>
    <datafield tag="264" ind1=" " ind2="1">
      <subfield code="a">Gedruckt zu Bremen, :</subfield>
      <subfield code="b">durch Bernhard Peterß,</subfield>
      <subfield code="c">Anno M. D. CXI [1611, that is, 1591]</subfield>
    </datafield>
    <datafield tag="300" ind1=" " ind2=" ">
      <subfield code="a">[2], 40 [that is 42], [10] pages. ;</subfield>
      <subfield code="c">20 cm (4to)</subfield>
    </datafield>
    <datafield tag="336" ind1=" " ind2=" ">
      <subfield code="a">text</subfield>
      <subfield code="b">txt</subfield>
      <subfield code="2">rdacontent</subfield>
    </datafield>
    <datafield tag="337" ind1=" " ind2=" ">
      <subfield code="a">unmediated</subfield>
      <subfield code="b">n</subfield>
      <subfield code="2">rdamedia</subfield>
    </datafield>
    <datafield tag="338" ind1=" " ind2=" ">
      <subfield code="a">volume</subfield>
      <subfield code="b">nc</subfield>
      <subfield code="2">rdacarrier</subfield>
    </datafield>
    <datafield tag="340" ind1=" " ind2=" ">
      <subfield code="m">4to</subfield>
      <subfield code="2">rdabf</subfield>
    </datafield>
    <datafield tag="500" ind1=" " ind2=" ">
      <subfield code="a">Year of publication on title page should read: Anno M. D. XCI.</subfield>
    </datafield>
    <datafield tag="500" ind1=" " ind2=" ">
      <subfield code="a">Contains also: Exemplar Literarum Ministerij Bremensis: Ad Superintendentem, et caeteros pastores ac ministros Ecclesiae Hamburgensis.</subfield>
    </datafield>
    <datafield tag="500" ind1=" " ind2=" ">
      <subfield code="a">Signatures:: A-F⁴, ²F²;  A1v is blank.</subfield>
    </datafield>
    <datafield tag="510" ind1="4" ind2=" ">
      <subfield code="a">Verzeichnis der im deutschen Sprachbereich erschienenen Drucke des 16. Jahrhunderts (VD 16),</subfield>
      <subfield code="c">M 5421</subfield>
      <subfield code="u">https://gateway-bayern.de/VD16+M+5421</subfield>
    </datafield>
    <datafield tag="510" ind1="4" ind2=" ">
      <subfield code="a">Verzeichnis der im deutschen Sprachraum erschienenen Drucke des 17. Jahrhunderts (VD 17),</subfield>
      <subfield code="c">3:601825U</subfield>
    </datafield>
    <datafield tag="600" ind1="1" ind2="0">
      <subfield code="a">Eitzen, Paul von,</subfield>
      <subfield code="d">1521-1598.</subfield>
    </datafield>
    <datafield tag="700" ind1="1" ind2=" ">
      <subfield code="a">Peters, Bernhard,</subfield>
      <subfield code="d">active 1565-approximately 1599,</subfield>
      <subfield code="e">printer.</subfield>
      <subfield code="4">prt</subfield>
      <subfield code="1">https://id.oclc.org/worldcat/entity/E39PCjCDfFRR9yFPrXpgPjgvVC</subfield>
    </datafield>
    <datafield tag="740" ind1="0" ind2=" ">
      <subfield code="a">Literarum Ministerij Bremensis: Ad Superintendentem, et caeteros pastores ac ministros Ecclesiae Hamburgensis</subfield>
    </datafield>
    <datafield tag="752" ind1=" " ind2=" ">
      <subfield code="a">Germany</subfield>
      <subfield code="d">Bremen,</subfield>
      <subfield code="e">publication place.</subfield>
      <subfield code="4">pup</subfield>
    </datafield>
    <datafield tag="758" ind1=" " ind2=" ">
      <subfield code="i">has work:</subfield>
      <subfield code="a">Des Ministerii zu Bremen freundtliche Gegenerinnerung, an dem ehrwürdigen und hochgelehrten Herrn Paul von Eyzen, der H. Schrifft Doctorn etc., darinnen auff seine von ihm also genante Erinnerung von dem bremischen Buch, so anno 90 wider die Prediger zu Hamburg in den Druck aussgegangen ist, christlich und bescheidentlich und ohne einige Vorbitterung geantwortet wird (Text)</subfield>
      <subfield code="1">https://id.oclc.org/worldcat/entity/E39PD3hXhD88DYXKCHVGTvmdFC</subfield>
      <subfield code="4">https://id.oclc.org/worldcat/ontology/hasWork</subfield>
    </datafield>
    <datafield tag="936" ind1=" " ind2=" ">
      <subfield code="a">BATCHLOAD</subfield>
    </datafield>
  </record>